| 000 | 00571nam a22001937a 4500 | ||
|---|---|---|---|
| 005 | 20180703095949.0 | ||
| 010 | _aENG-123329 | ||
| 020 |
_a9789381284698 _c1000.00 |
||
| 035 | _aEN-106861 | ||
| 037 | _bDBAD/PUB | ||
| 082 | _a658.3 | ||
| 100 | _aSharma, Trilochan | ||
| 245 |
_aHuman resource management / _cbyTrilochan Sharma |
||
| 260 |
_aNew Delhi _bRishabh Books _c2017 |
||
| 270 |
_a4575/15, Ansari Road, Dharya Ganj, _bNew Delhi _e110002 |
||
| 300 |
_a256p. _c22cm.(Hb) |
||
| 500 | _aIt includes bibliography | ||
| 942 |
_2ddc _cEN _mSHA _h658.3 |
||
| 999 |
_c153178 _d153178 |
||